Top 100 Girls' Names Scotland 2018 - Statistics

General Stats
  • This quiz has been taken 148 times
  • The average score is 53 of 100
Answer Stats
# First Letter Name % Correct
1 O Olivia
99%
2 E Emily
92%
23 E Emma
88%
3 I Isla
88%
8 G Grace
86%
6 E Ella
84%
28 E Eva
83%
40 S Sofia
83%
12 S Sophia
83%
22 A Anna
82%
4 S Sophie
82%
5 A Amelia
80%
7 A Ava
80%
55 Z Zoe
80%
41 I Isabella
79%
61= L Lilly
79%
15 L Lily
79%
11 C Charlotte
76%
18 E Ellie
76%
33 H Hannah
76%
10 J Jessica
76%
53 R Rose
74%
44= Z Zara
72%
29 C Chloe
71%
14 L Lucy
71%
46 A Alice
70%
20 M Mia
70%
56 A Abigail
68%
54 M Molly
67%
16 E Evie
66%
86 R Rebecca
66%
26 R Rosie
66%
49 D Daisy
64%
21 M Millie
64%
63 H Hollie
62%
32 H Holly
62%
36 I Ivy
62%
23= R Ruby
62%
13 F Freya
61%
30 P Poppy
61%
68 E Elsie
59%
27 G Georgia
59%
34= W Willow
59%
83 L Lola
57%
78= M Maria
57%
87= P Penelope
57%
50 K Katie
55%
34 E Erin
54%
69= P Phoebe
51%
52 A Amber
50%
69 B Bella
50%
61 G Gracie
50%
64 I Imogen
50%
95= F Florence
49%
9 A Aria
47%
17 H Harper
47%
72= J Julia
47%
38= L Layla
47%
25 M Maisie
47%
31 O Orla
47%
82 L Luna
46%
47 M Maya
46%
95= V Violet
45%
48 E Emilia
43%
72 A Ada
41%
75 A Amelie
41%
65 C Cara
41%
91 C Clara
41%
37 M Mila
41%
38 E Esme
39%
58 L Leah
39%
51 N Niamh
39%
84= L Lexi
38%
77 M Matilda
38%
95= Q Quinn
38%
56= I Iona
37%
42= S Sienna
37%
72= B Bonnie
36%
67 C Cora
33%
87 H Hope
33%
95= N Nina
33%
71 S Summer
33%
81 D Darcy
32%
59= T Thea
32%
44 S Skye
30%
75= B Brooke
29%
89 K Kayla
29%
91= S Sadie
28%
59 H Hallie
25%
91= L Lena
25%
95 A Aurora
24%
66 A Ayla
24%
19 E Eilidh
24%
95= E Eden
22%
78= P Piper
22%
89= R Rowan
22%
42 R Robyn
21%
91= G Georgie
18%
78 C Callie
16%
84 A Aila
8%
No matching quizzes found
Score Distribution
Percent of People with Each Score
Percentile by Number Answered
Your Score History
You have not taken this quiz